[Event "Schwarzwald op"]
[Site "Bad Wildbad"]
[Date "2003.04.05"]
[Round "4"]
[White "Solodovnichenko, Yuri"]
[Black "Kozlov, Alexander"]
[Result "1-0"]
[WhiteElo "2430"]
[BlackElo "2233"]

1. e4 c5 2. Nf3 e6 3. d4 cxd4 4. Nxd4 Bc5 5. Nb3 Bb6 6. Nc3 Ne7 7. Bf4 d5
8. Nb5 O-O 9. Bd3 dxe4 10. Bxe4 f5 11. Bf3 Nbc6 12. Qe2 Ng6 13. Bd6 Rf7 14.
O-O-O a6 15. Na3 Nd4 16. Nxd4 Qxd6 17. c3 Qe7 18. Rhe1 Nh4 19. Nc4 Bc7 20.
Kb1 Nxf3 21. Qxf3 Qc5 22. Qe2 b5 23. Ne5 Bxe5 24. Qxe5 Qb6 25. f3 Rf6 26.
Nb3 Ra7 27. Rd6 Qc7 28. Nc5 Qe7 29. Red1 Kf7 30. Rc6 Qe8 31. Rc7+ 1-0

[Event "NOR-chT"]
[Site "Asker"]
[Date "2003.05.28"]
[Round "3"]
[White "Snarheim, Dagfinn"]
[Black "Kvisvik, Brede"]
[Result "1/2-1/2"]
[WhiteElo "2216"]
[BlackElo "2045"]

1. e4 c5 2. Nf3 e6 3. d4 cxd4 4. Nxd4 Bc5 5. Nb3 Bb6 6. Nc3 Nc6 7. Bd3 Nge7
8. Qg4 O-O 9. e5 Nxe5 10. Bxh7+ Kxh7 11. Qh5+ Kg8 12. Qxe5 f6 13. Qe2 d5
14. Bd2 e5 15. O-O-O Bd7 16. f4 d4 17. fxe5 fxe5 18. Ne4 Rc8 19. Nd6 Rc6
20. Qxe5 Qc7 21. Qxe7 Rxc2+ 22. Kb1 Rf6 23. Bb4 a5 24. Ba3 Rxg2 25. Rc1 Bc6
26. Rhe1 a4 27. Qxc7 Bxc7 28. Ne8 axb3 29. Nxc7 bxa2+ 30. Kxa2 d3 31. Red1
d2 32. Rc2 Rf7 33. Bd6 Rff2 34. Bb4 Rf7 35. Ba5 Rxh2 36. Rdxd2 Rh5 37. Bb6
Rh6 38. Rh2 Rhf6 39. Rcd2 Bd7 40. Nd5 Rc6 41. Ba5 Rc5 42. Ne7+ Rxe7 43. Bb4
Be6+ 44. b3 Rec7 45. Bxc5 Rxc5 46. Rd6 Kf7 47. Re2 Bf5 48. Rf2 g6 49. Rd7+
Kf6 50. Rxb7 Rc2+ 51. Rxc2 Bxc2 52. Kb2 Be4 53. Rb8 g5 54. Kc3 Ke5 55. Kd2
Kd4 56. Rb4+ Ke5 57. Ke3 Bd5 58. Rb8 g4 59. Re8+ Kd6 60. b4 g3 61. Rh8 g2
62. Rh6+ Ke5 63. Rg6 Kf5 64. Rg3 Bc6 65. Kf2 Ke5 66. b5 Ba8 67. b6 Kd6 68.
Rc3 Bc6 69. Rc1 Kd7 70. Ke3 Kd6 71. Kf2 Kd7 72. Rc5 Kd6 73. Rg5 Bb7 74. Rg3
Kc5 75. Rb3 Kc4 76. Rb2 Kc5 77. Rb1 Kc4 1/2-1/2

[Event "Pula op 17th"]
[Site "Pula"]
[Date "2003.06.01"]
[Round "1"]
[White "Waldmann, Gerald"]
[Black "Sedlak, Nikola"]
[Result "0-1"]
[WhiteElo "2160"]
[BlackElo "2524"]

1. e4 c5 2. Nf3 e6 3. d4 cxd4 4. Nxd4 Bc5 5. Nb3 Bb6 6. Nc3 Ne7 7. g3 O-O
8. Bg2 Nbc6 9. O-O f5 10. Qe2 fxe4 11. Nxe4 d5 12. Ng5 Qd6 13. Be3 Bxe3 14.
Qxe3 h6 15. Nf3 e5 16. c3 Bg4 17. Rae1 Nf5 18. Qc5 e4 19. Qxd6 Nxd6 20.
Nfd4 Ne5 21. Nd2 Nd3 22. Rb1 Rae8 23. f3 Bd7 24. fxe4 dxe4 25. Rxf8+ Kxf8
26. Bf1 Ne5 27. Re1 Ng4 28. Nc4 Nxc4 29. Bxc4 Re5 30. Nc2 Ke7 31. Ne3 Nxe3
32. Rxe3 Bc6 33. Bf1 Kd6 34. Kf2 Rf5+ 35. Ke1 Ke5 36. Bc4 a5 37. Re2 b5 38.
Bb3 a4 39. Bc2 Bd5 40. b3 Rf3 41. Kd2 a3 42. Re3 Rf2+ 43. Re2 Rf1 44. Re1
Rf6 45. Ke3 b4 46. c4 Rf3+ 47. Kd2 Bc6 48. Ke2 Kd4 49. Rd1+ Kc3 50. Bb1 Kb2
0-1

[Event "Narciso Yepes op 4th"]
[Site "Lorca"]
[Date "2003.06.25"]
[Round "6"]
[White "Castillo Gallego, Sergio"]
[Black "Garre Murcia, Pedro"]
[Result "1-0"]
[WhiteElo "2213"]
[BlackElo "2162"]

1. e4 c5 2. Nf3 e6 3. d4 cxd4 4. Nxd4 Bc5 5. Nb3 Bb6 6. Nc3 Ne7 7. Be3 O-O
8. Bg5 f6 9. Bf4 Nbc6 10. Bd6 Rf7 11. Qh5 f5 12. O-O-O Bxf2 13. exf5 Nxf5
14. Ne4 Qh4 15. Qe2 Ne3 16. Bg3 Qg4 17. Nxf2 Qxe2 18. Bxe2 Nxd1 19. Rxd1 d5
20. Nd3 b6 21. Ne5 Nxe5 22. Bxe5 Bd7 23. Nd4 Rc8 24. Kd2 Rff8 25. Ke3 Rfe8
26. Ba6 Rc5 27. Bd3 a5 28. Rf1 Rcc8 29. Rf3 Ra8 30. Rg3 Re7 31. h4 Ra7 32.
Nf3 b5 33. Bd6 Re8 34. Ng5 e5 35. Bxh7+ Kh8 36. Bg6 a4 37. Kd3 Rc8 38. Bxe5
Be8 39. h5 Bxg6+ 40. hxg6 Rc6 1-0

[Event "World Youth Stars"]
[Site "Kirishi"]
[Date "2003.08.02"]
[Round "9"]
[White "Perman, Evgeniy"]
[Black "Lintchevski, Daniil"]
[Result "1/2-1/2"]
[WhiteElo "2081"]
[BlackElo "2132"]

1. e4 c5 2. Nf3 e6 3. d4 cxd4 4. Nxd4 Bc5 5. Nb3 Bb6 6. Nc3 Ne7 7. Be2 O-O
8. O-O f5 9. Bg5 Nbc6 10. exf5 Rxf5 11. Bh4 Rf8 12. Bd3 Qe8 13. Bg3 d5 14.
Qe2 Nb4 15. Nb5 Nxd3 16. Qxd3 Nf5 17. Nc7 Bxc7 18. Bxc7 Bd7 19. Nd4 Rc8 20.
Be5 Qf7 21. c3 Nxd4 22. Bxd4 a6 23. Qg3 Qg6 24. Qe3 Rf5 25. f4 Rf7 26. Rae1
1/2-1/2

[Event "Playchess.de M436"]
[Site "?"]
[Date "2003.09.??"]
[Round "?"]
[White "Parisi, Comiso (maninblack)"]
[Black "Lacrosse, Marc"]
[Result "1/2-1/2"]
[WhiteElo "2136"]
[BlackElo "2339"]

1. e4 c5 2. Nf3 e6 3. d4 cxd4 4. Nxd4 Bc5 5. Nb3 Bb6 6. Nc3 Ne7 7. Bf4 d5
8. exd5 exd5 9. Bb5+ Nbc6 10. O-O O-O 11. Qd2 Bf5 12. Bd3 Bxd3 13. Qxd3 d4
14. Na4 Bc7 15. Bxc7 Qxc7 16. Rfe1 Rad8 17. Rad1 b6 18. Qc4 Qb7 19. Qd3
1/2-1/2

[Event "SCG-chT"]
[Site "Budva"]
[Date "2003.09.??"]
[Round "3"]
[White "Kosoric, Luka"]
[Black "Nestorovic, Dejan"]
[Result "0-1"]
[WhiteElo "2075"]
[BlackElo "2424"]

1. e4 c5 2. Nf3 e6 3. d4 cxd4 4. Nxd4 Bc5 5. Nb3 Bb6 6. Bd3 Ne7 7. Qe2 O-O
8. O-O Nbc6 9. Be3 Bxe3 10. Qxe3 f5 11. exf5 Nxf5 12. Bxf5 Rxf5 13. Nc3 d5
14. Rad1 Bd7 15. Nd4 Nxd4 16. Qxd4 Qa5 17. Rd3 Rc8 18. Rg3 Rf7 19. b4 Qb6
20. Qxb6 axb6 21. Rc1 Rf4 22. Rb1 Rfc4 23. Rb3 Be8 24. h3 Bg6 25. Nb5 Bxc2
26. Ra3 Rxb4 27. Nd6 Rf8 28. Rac3 Bg6 29. Rc7 d4 30. Rd7 Rb1+ 31. Kh2 Rb2
32. f3 Rxa2 33. h4 Ra5 34. Ne4 Rd5 35. Rxb7 d3 36. Nd2 b5 37. Kg1 Ra8 38.
Rg5 Ra2 39. Rxd5 exd5 40. Rxb5 Rxd2 41. Rxd5 h5 42. g4 hxg4 43. h5 Bf7 44.
Rd8+ Kh7 45. fxg4 Bc4 46. g5 Re2 47. Rd7 d2 48. h6 Re1+ 0-1

[Event "Playchess.de M436"]
[Site "?"]
[Date "2003.09.??"]
[Round "?"]
[White "Ditz, Arthur"]
[Black "Lacrosse, Marc"]
[Result "1/2-1/2"]
[WhiteElo "2018"]
[BlackElo "2339"]

1. e4 c5 2. Nf3 e6 3. d4 cxd4 4. Nxd4 Bc5 5. Be3 Qb6 6. c3 Nc6 7. Nd2 Nxd4
8. Nc4 Qc6 9. Bxd4 Qxe4+ 10. Be2 Be7 11. O-O Nf6 12. Bf3 Qf4 13. Re1 d5 14.
Ne3 Bd7 15. c4 dxc4 16. Nxc4 Rd8 17. g3 Qc7 18. Rc1 Bc6 19. Ne5 1/2-1/2

[Event "ARM-ch 63rd"]
[Site "Yerevan"]
[Date "2003.09.16"]
[Round "4"]
[White "Mkrtchian, Lilit"]
[Black "Pashikian, Arman"]
[Result "0-1"]
[WhiteElo "2413"]
[BlackElo "2366"]

1. e4 c5 2. Nf3 e6 3. d4 cxd4 4. Nxd4 Bc5 5. Nb3 Bb6 6. Nc3 Ne7 7. Be2 O-O
8. O-O Nbc6 9. Bf3 f5 10. g3 fxe4 11. Bxe4 d5 12. Bg2 a5 13. a4 Nf5 14. Kh1
Bd7 15. Nb5 Rc8 16. c3 Qf6 17. Bf4 Rf7 18. Qd2 Ne5 19. Qe2 Nc4 20. Rae1 Nh4
21. N3d4 Nxg2 22. Kxg2 Re8 23. Be5 Qh6 24. f4 Bxb5 25. axb5 Qg6 26. Rf2 a4
27. Ra1 Nxe5 28. Qxe5 Bc7 29. Qe2 Rxf4 30. Rxf4 Bxf4 31. Rxa4 Bc7 32. Nc2
Rf8 33. Rg4 Qf6 34. Nb4 h6 35. Rd4 Bd6 36. Nd3 Qf7 37. c4 Qf6 38. Rg4 Qf5
39. cxd5 exd5 40. Ra4 Rc8 41. b6 Rc6 42. Rd4 Rxb6 43. Qe8+ Kh7 44. Qe2 Rc6
45. b3 Rc3 46. Qd1 Bb8 47. Ne1 Rc5 48. b4 Rc4 49. Rxd5 Qe4+ 50. Nf3 Rxb4
51. Rd2 b5 52. Re2 Qg6 53. Qd8 Qd6 54. Qe8 Bc7 55. Rd2 Qg6 56. Qe7 Rc4 57.
Qe2 Qe4 58. Qd1 b4 59. Re2 Qf5 60. Nh4 Rxh4 61. gxh4 Qg4+ 62. Kf1 Qf3+ 63.
Ke1 Qh1+ 0-1

[Event "M-4901.2"]
[Site "?"]
[Date "2003.12.25"]
[Round "?"]
[White "De Leeuw, Dirk"]
[Black "Nater, Burkhard"]
[Result "0-1"]
[WhiteElo "2011"]
[BlackElo "2091"]

1. d4 e6 2. e4 c5 3. Nf3 cxd4 4. Nxd4 Bc5 5. Nb3 Bb6 6. Nc3 Ne7 7. Qh5 O-O
8. Bg5 Nbc6 9. O-O-O f6 10. Bh4 Qe8 11. Qxe8 Rxe8 12. Bg3 a6 13. Be2 Ba7
14. Rhe1 b5 15. Kb1 f5 16. Bh5 Rf8 17. f4 g6 18. Bf3 b4 19. Na4 fxe4 20.
Bxe4 d5 21. Bf3 Nf5 22. Nac5 Rf6 23. Bg4 Nxg3 24. hxg3 Kf7 25. Rd2 h5 26.
Bh3 a5 27. Rde2 Nd8 28. Nd3 a4 29. Nd2 Rb8 30. Nf3 Ke7 31. Nde5 Ke8 32. Ng5
Rb7 33. Nd3 Ke7 34. g4 a3 35. gxh5 gxh5 36. f5 Bb8 37. Nc5 Ra7 38. Ngxe6
Nxe6 39. fxe6 Bd6 40. Nd7 Rf4 41. g3 Re4 42. Rxe4 dxe4 43. Rxe4 Bb7 44. Re1
Ra5 45. Rf1 Rg5 46. Rf7+ Kd8 47. bxa3 Rxg3 48. Bf5 bxa3 49. c4 Bc6 50. Nb6
Be7 51. Kc1 Rg1+ 52. Kc2 Rg2+ 53. Kc3 Rxa2 54. Nd5 Bxd5 55. cxd5 Rf2 56.
Bb1 Rxf7 57. exf7 h4 58. Bf5 Bd6 59. Bg4 Ke7 60. Be6 Kf6 61. Kc2 Ke5 0-1

[Event "Knjaz Milos Jezero Open, Belgr"]
[Site "Knjaz Milos Jezero Open, Belg"]
[Date "2004.??.??"]
[Round "6"]
[White "Vukmirovic, Dusan"]
[Black "Miloradovic, Jelena"]
[Result "0-1"]
[WhiteElo "2079"]
[BlackElo "2161"]

1. e4 c5 2. Nf3 e6 3. d4 cxd4 4. Nxd4 Bc5 5. Nb3 Bb6 6. Bd3 Ne7 7. O-O O-O
8. Bg5 Nbc6 9. c3 Qc7 10. Na3 a6 11. Nc4 Ba7 12. e5 Ng6 13. Re1 b5 14. Bxg6
Bxf2+ 15. Kxf2 fxg6+ 16. Kg1 bxc4 17. Nc5 Nxe5 18. Be7 Rf5 19. Bd6 Qb6 20.
Rxe5 Rxe5 21. Bxe5 Qxc5+ 22. Bd4 Qc6 23. Qe2 d6 24. Rf1 e5 25. Qf2 Be6 26.
Be3 h6 27. h3 Rb8 28. Kh2 Qb7 29. Bc1 Bf5 30. Re1 Rf8 31. Qe3 Bd3 32. b3
Bf1 33. Qg3 cxb3 34. axb3 Qxb3 35. Qxg6 Rf6 36. Qg3 Qf7 37. Be3 Kh7 38. Qh4
Qg6 39. Qg3 Qxg3+ 40. Kxg3 Rg6+ 41. Kf2 Bxg2 42. h4 Bc6 43. Ra1 Bb5 44. Kf3
d5 45. Rd1 Rf6+ 46. Kg3 Be2 0-1

[Event "Serbie Montenegro (chpt equipe"]
[Site "Serbie Montenegro (chpt equip"]
[Date "2004.??.??"]
[Round "?"]
[White "Stojanovic, Marija"]
[Black "Miloradovic, Jelena"]
[Result "1/2-1/2"]
[WhiteElo "2153"]
[BlackElo "2161"]

1. e4 c5 2. Nf3 e6 3. d4 cxd4 4. Nxd4 Bc5 5. Nb3 Bb6 6. Nc3 Ne7 7. Bf4 O-O
8. Bd6 Nbc6 9. Be2 a6 10. O-O Bc7 11. a4 f5 12. exf5 Bxd6 13. Qxd6 Nxf5 14.
Qd2 d5 15. Rad1 Qf6 16. a5 Qg6 17. Bd3 Ne5 18. Qe2 Nxd3 19. Rxd3 b6 20.
axb6 Rb8 21. Nd4 Rxb6 22. Nxf5 Rxf5 23. Rg3 Qf6 24. b3 Rc6 25. Qd2 Rc5 26.
Rd1 Bb7 27. Na4 Rc7 28. b4 Rf4 29. Nc5 Bc8 30. Ra3 Rf7 31. f3 Qg6 32. Nd3
R4f5 33. Qe2 Qg5 34. Nc5 Re5 35. Qf2 Qe7 36. Re3 Rxe3 37. Qxe3 Qh4 38. c3
Qf4 39. Qe2 Qd6 40. Qa2 Qb6 41. Ra1 Ra7 42. Qa5 Qd6 43. Nd3 Rc7 44. Nc5 Kf7
45. Qa3 Qe5 46. Rd1 Qe2 47. Qc1 Qe5 48. Re1 Qf5 49. Qe3 h6 50. Rd1 Qf6 51.
Rd4 g5 52. Qd3 Qg6 53. Qd1 Qf5 54. h4 a5 55. Qc1 axb4 56. cxb4 Qe5 57. Rd1
Ba6 58. Qa3 Bc4 59. hxg5 hxg5 60. Qc1 Kf6 61. Qa1 Qxa1 62. Rxa1 Rc6 63. Kf2
Kf5 64. Ke3 Rb6 65. Rb1 Rb8 66. g4+ Kg6 67. Nd7 Ra8 68. Ne5+ Kf6 69. Nxc4
dxc4 70. Kd4 Rc8 71. Rc1 e5+ 72. Kd5 c3 73. b5 c2 74. b6 Rc3 75. b7 Rb3 76.
Rxc2 Rxb7 77. Rc6+ Kf7 78. Kxe5 Rb5+ 79. Kd4 Rb3 80. Rc3 Rxc3 81. Kxc3 Ke6
82. Kd4 Kd6 83. Ke4 Ke6 84. Kd3 Kd5 85. Ke3 Ke5 86. Ke2 Ke6 87. Ke3 Ke5 88.
Kd3 Kd5 89. Ke3 Ke5 90. f4+ gxf4+ 91. Kf3 Kf6 92. Kxf4 Kg6 93. g5 Kg7 94.
Kf5 Kf7 95. g6+ Kg7 96. Kg5 Kg8 97. Kf6 Kf8 98. g7+ Kg8 99. Kg6 1/2-1/2

[Event "9th ECC w Izmir TUR"]
[Site "?"]
[Date "2004.??.??"]
[Round "4"]
[White "Shadrina, Tatiana"]
[Black "Miloradovic, Jelena"]
[Result "1-0"]
[WhiteElo "2400"]
[BlackElo "2130"]

1. e4 c5 2. Nf3 e6 3. d4 cxd4 4. Nxd4 Bc5 5. Nb3 Bb6 6. Nc3 Ne7 7. Bg5 O-O
8. Qd2 Nbc6 9. O-O-O f5 10. f3 fxe4 11. fxe4 a6 12. Be3 Ne5 13. Be2 Bxe3
14. Qxe3 b5 15. Qc5 N7c6 16. Rhf1 Rxf1 17. Bxf1 Qf8 18. Qe3 Rb8 19. Be2 Qe7
20. Nd2 Na5 21. Qf4 d6 22. Nf3 Nac4 23. Bxc4 Nxc4 24. b3 e5 25. Qg5 Qxg5+
26. Nxg5 Bg4 27. Rd3 Na3 28. Nd5 Rb7 29. Rg3 Bh5 30. Rc3 Bg4 31. Rc6 h6 32.
Nf3 b4 33. Rxa6 Nb5 34. Ra8+ Kh7 35. Ra4 Bxf3 36. gxf3 Nd4 37. Rxb4 Ra7 38.
f4 Ne2+ 39. Kd2 Nxf4 40. a4 Ne6 41. Rb6 Nc5 42. Ke3 Rd7 43. a5 Kg6 44. b4
Na4 45. Rc6 Kh5 46. a6 Kh4 47. b5 Nc5 48. Rxc5 dxc5 49. b6 1-0

[Event "Bundesliga"]
[Site "?"]
[Date "2004.??.??"]
[Round "7"]
[White "Reeh, Oliver"]
[Black "Wisnewski, Christoph"]
[Result "1/2-1/2"]
[WhiteElo "2460"]
[BlackElo "2390"]

1. e4 c5 2. Nf3 e6 3. d4 cxd4 4. Nxd4 Bc5 5. c3 Qb6 6. Qg4 Bxd4 7. cxd4
Qxd4 8. Nc3 Nf6 9. Qxg7 Rg8 10. Qh6 Rg6 11. Qe3 Nc6 12. Nb5 Qxe3+ 13. Bxe3
Kf8 14. Nd6 b6 15. f3 Ne8 16. Nxe8 Kxe8 17. Rc1 Bb7 18. Kf2 Rc8 19. Be2 Ke7
20. a3 Rgg8 21. b4 Ne5 22. Rxc8 Rxc8 23. Rc1 Rxc1 24. Bxc1 d5 25. f4 Ng6
26. exd5 Bxd5 27. g4 Be4 28. Ke3 Bc2 29. Bd2 Kd7 30. Be1 Ne7 31. Kd4 Nc6+
32. Kc3 Bg6 33. Bf3 f5 34. gxf5 Bxf5 35. Bh4 e5 36. fxe5 Nxe5 37. Be2 Bg4
38. Bf1 Kd6 39. Bg3 Kd5 40. Ba6 Bd7 41. b5 Ke6 42. a4 Be8 43. Bc8+ Kd5 44.
Bb7+ Ke6 45. Bc8+ Kd5 46. Bb7+ Ke6 47. Bc8+ 1/2-1/2

[Event "TCh-SCG, Petrovac SCG"]
[Site "?"]
[Date "2004.??.??"]
[Round "1"]
[White "Pavlovic, Nebojsa"]
[Black "Nestorovic, Dejan"]
[Result "1/2-1/2"]
[WhiteElo "2285"]
[BlackElo "2400"]

1. e4 c5 2. Nf3 e6 3. d4 cxd4 4. Nxd4 Bc5 5. Nb3 Bb6 6. Nc3 Ne7 7. Bf4 d5
8. exd5 exd5 9. Qd2 O-O 10. O-O-O Nbc6 11. Be2 Be6 12. Bf3 Rc8 13. Nxd5
Nxd5 14. Bxd5 Bxd5 15. Qxd5 Qf6 16. Qg5 Qxg5 17. Bxg5 Bxf2 18. Rd7 f6 19.
Bf4 Rf7 20. Rhd1 g5 21. Rxf7 Kxf7 22. Bxg5 Nb4 23. Rd2 Rxc2+ 24. Rxc2 Nxc2
25. Kxc2 fxg5 26. Kd3 g4 27. Ke4 Bg1 28. Na5 Bxh2 29. Nxb7 Kg6 30. b4 Kg5
31. Nc5 h5 32. Ne6+ Kf6 33. Nf4 Kg5 34. Ne6+ 1/2-1/2

[Event "TCh-NOR Final, Trondheim NOR"]
[Site "?"]
[Date "2004.??.??"]
[Round "3"]
[White "Lie, Kjetil A"]
[Black "Svedenborg, Paul"]
[Result "1-0"]
[WhiteElo "2430"]
[BlackElo "2235"]

1. e4 c5 2. Nf3 e6 3. d4 cxd4 4. Nxd4 Bc5 5. Nb3 Bb6 6. Nc3 Ne7 7. Bg5 O-O
8. Qh5 Nbc6 9. O-O-O Bxf2 10. Rd3 f6 11. Rh3 Ng6 12. Be2 Nce5 13. Rf1 Bb6
14. Qxh7+ Kf7 15. Rxf6+ Qxf6 16. Bxf6 Kxf6 17. Bh5 Rh8 18. Rf3+ Kg5 19.
Rg3+ Kf4 20. Ne2+ 1-0

[Event "Bundesliga"]
[Site "?"]
[Date "2004.??.??"]
[Round "1"]
[White "L'Ami, Erwin"]
[Black "Wisnewski, Christoph"]
[Result "1-0"]
[WhiteElo "2515"]
[BlackElo "2390"]

1. e4 c5 2. Nf3 e6 3. d4 cxd4 4. Nxd4 Bc5 5. Nb3 Bb6 6. Nc3 Ne7 7. Qe2 O-O
8. Be3 f5 9. O-O-O fxe4 10. Nxe4 d5 11. Bxb6 Qxb6 12. Nec5 a5 13. a4 Qd6
14. g3 b6 15. Nd3 Nbc6 16. f4 Bd7 17. Bh3 Rac8 18. Rhe1 Nf5 19. Bxf5 Rxf5
20. Kb1 Rf6 21. Nf2 Qb4 22. Qb5 Be8 23. Nd4 Qxb5 24. Nxb5 Bg6 25. Rd2 h5
26. b3 Nb4 27. Nd4 Nc6 28. Nxc6 Rxc6 29. Kb2 Bf5 30. Nd1 Rf8 31. Ne3 Be4
32. c4 Rfc8 33. Rd4 Rc5 34. Re2 Bf3 35. Rf2 Be4 36. Rfd2 Kf7 37. h4 R8c6
38. cxd5 exd5 39. Nxd5 Bg6 40. Ne3 Re6 41. Nc4 Kf6 42. Rd6 Rc6 43. Rxc6
Rxc6 44. Ne5 Re6 45. Rd5 Be8 46. Kc3 g6 47. Kd4 Ke7 48. Nc4 Rf6 49. Rg5 Kd7
50. f5 Ke7 51. fxg6 Bxg6 52. Rb5 Rf3 53. Rxb6 Rxg3 54. Nxa5 Bc2 55. Nc6+
Ke8 56. Kc4 Rg4+ 57. Kc3 1-0

[Event "Open A, Riga LAT"]
[Site "?"]
[Date "2004.??.??"]
[Round "7"]
[White "Kveinys, Aloyzas"]
[Black "Haugli, Petter"]
[Result "1-0"]
[WhiteElo "2565"]
[BlackElo "2360"]

1. e4 c5 2. Nf3 e6 3. d4 cxd4 4. Nxd4 Bc5 5. Nc3 Ne7 6. Be3 Bb6 7. Qd2 O-O
8. O-O-O Nbc6 9. f4 d5 10. Qf2 Nxd4 11. Bxd4 dxe4 12. Bxb6 Qxb6 13. Qxb6
axb6 14. Bc4 e5 15. fxe5 Nc6 16. Nxe4 Nxe5 17. Bb3 Bd7 18. Rhe1 Bc6 19. Nd6
Ng6 20. g3 Rad8 21. c3 Rd7 22. h4 h5 23. Rd4 Ra8 24. a3 Kf8 25. Bd1 Rad8
26. Nf5 Rxd4 27. Nxd4 Rd5 28. Kc2 Ne7 29. Rf1 g6 30. Kc1 Re5 31. Kd2 Kg7
32. a4 Nd5 33. Bb3 Nf6 34. Bc2 Ne4+ 35. Bxe4 Rxe4 36. Nxc6 bxc6 37. b4 f6
38. Ra1 g5 39. a5 bxa5 40. bxa5 Re7 41. a6 1-0

[Event "17th Belgrade Trophy"]
[Site "?"]
[Date "2004.??.??"]
[Round "3"]
[White "Kojovic, Dragan"]
[Black "Miloradovic, Jelena"]
[Result "1-0"]
[WhiteElo "2350"]
[BlackElo "2130"]

1. e4 c5 2. Nf3 e6 3. d4 cxd4 4. Nxd4 Bc5 5. Nb3 Bb6 6. Nc3 Ne7 7. Bc4 a6
8. Bf4 Bc7 9. Bd6 Bxd6 10. Qxd6 b5 11. Be2 Nbc6 12. O-O O-O 13. Rad1 f5 14.
e5 f4 15. Bf3 Ra7 16. a4 b4 17. Ne2 Qc7 18. Ned4 Nxd4 19. Nxd4 Qxd6 20.
exd6 Ng6 21. Rfe1 Bb7 22. Rd3 Bxf3 23. Nxf3 Rc8 24. Rc1 Rb7 25. h4 Rc5 26.
c4 Nh8 27. Rd4 Nf7 28. b3 Rb6 29. Rcd1 h6 30. Rxf4 Rxd6 31. Rxd6 Nxd6 32.
Rd4 Ne8 33. Rxd7 Kf8 34. Rb7 a5 35. Rb5 Rxb5 36. cxb5 Nd6 37. Kf1 Ke7 38.
Ne5 Kf6 39. Nd7+ Kf5 40. Nc5 Nc8 41. Nb7 Ke4 42. Ke2 1-0

[Event "NRW"]
[Site "NRW"]
[Date "2004.??.??"]
[Round "3"]
[White "Kilian, Ralf"]
[Black "Schuh, Dirk"]
[Result "0-1"]
[WhiteElo "2279"]
[BlackElo "2246"]

1. e4 c5 2. Nf3 e6 3. d4 cxd4 4. Nxd4 Bc5 5. Nb3 Bb6 6. Bd3 Ne7 7. Bf4 d5
8. Nc3 O-O 9. exd5 Nxd5 10. Nxd5 exd5 11. O-O Qf6 12. Qh5 g6 13. Qg5 Qxg5
14. Bxg5 Re8 15. Rfe1 Be6 16. a4 Nd7 17. a5 Bc7 18. Nd4 Be5 19. Be3 Nc5 20.
Bb5 Bd7 21. Bf1 Rac8 22. Rad1 Na4 23. a6 Nxb2 24. Rb1 bxa6 25. Bxa6 Rb8 26.
Nb3 Bc3 27. Rf1 Bf5 28. Nd4 Be4 29. Nc6 Ra8 30. Bb7 Rab8 31. Nxb8 Rxb8 32.
Ba6 d4 33. Bf4 Rb6 34. Bd3 Nxd3 35. Rxb6 Nxf4 36. Rb8+ Kg7 37. f3 Bxc2 38.
g3 Ne2+ 39. Kf2 d3 40. Rb7 Kh6 41. Ke3 Nd4 42. g4 Nb3 0-1

[Event "Templin (04.09.-12.09.)"]
[Site "Templin (04.09.-12.09.)"]
[Date "2004.??.??"]
[Round "5.41"]
[White "Kempen, Willi"]
[Black "Luetje, Juergen"]
[Result "1/2-1/2"]
[WhiteElo "2137"]
[BlackElo "2140"]

1. e4 c5 2. Nf3 e6 3. d4 cxd4 4. Nxd4 Bc5 5. Nb3 Bb6 6. Bd3 Ne7 7. Nc3 O-O
8. h4 Nbc6 9. Bg5 f6 10. Bf4 f5 11. Bd6 Bxf2+ 12. Kd2 Rf7 13. Qe2 Nd4 14.
Qxf2 Nxb3+ 15. axb3 fxe4 16. Qxf7+ Kxf7 17. Raf1+ Kg8 18. Bxe4 a5 19. Nb5
Ra6 20. g4 Rxd6+ 21. Nxd6 Qc7 22. Nxc8 Qxc8 23. c4 a4 24. Rf3 d5 25. Bd3
axb3 26. Rhf1 g6 27. Rf7 Qe8 28. R7f6 Qd8 29. Kc3 Nf5 30. R6xf5 gxf5
1/2-1/2

[Event "21st Open Boeblinger GER"]
[Site "?"]
[Date "2004.??.??"]
[Round "4"]
[White "Hoffmann, Mi1"]
[Black "Schuh, Dirk"]
[Result "1/2-1/2"]
[WhiteElo "2465"]
[BlackElo "2260"]

1. e4 c5 2. Nf3 e6 3. d4 cxd4 4. Nxd4 Bc5 5. Nb3 Bb6 6. Nc3 Ne7 7. Qe2 O-O
8. Be3 f5 9. exf5 Nxf5 10. Bxb6 Qxb6 11. O-O-O Nc6 12. g3 d5 13. Bh3 a5 14.
a4 Bd7 15. Rhe1 Rac8 16. f4 Nb4 17. Bxf5 Rxf5 18. Qe3 Qc7 19. Nd4 Rf6 20.
Rd2 Qc4 21. Rde2 1/2-1/2

[Event "Lausanne SUI, Open"]
[Site "?"]
[Date "2004.??.??"]
[Round "?"]
[White "Ginsburg, Gennadij"]
[Black "Petrosian, Tigran L"]
[Result "1/2-1/2"]
[WhiteElo "2510"]
[BlackElo "2535"]

1. e4 c5 2. Nf3 e6 3. d4 cxd4 4. Nxd4 Bc5 5. Nb3 Bb6 6. c4 Ne7 7. Nc3 Na6
8. Be2 O-O 9. Bf4 d5 10. cxd5 exd5 11. exd5 Nb4 12. O-O Nexd5 13. Nxd5 Nxd5
14. Be5 Qg5 15. Qxd5 Re8 16. Bf3 Qxe5 17. Qxe5 Rxe5 18. Rfe1 Rxe1+ 19. Rxe1
Kf8 20. Rc1 Be6 21. Nc5 Bxc5 22. Rxc5 Rd8 23. h3 b6 24. Rc7 a5 25. Rc6 b5
26. Rc5 Bxa2 27. Rxb5 a4 28. Rb4 Bb3 29. Bc6 Rd1+ 30. Kh2 Ra1 31. Re4 g6
32. g4 Rf1 33. Kg3 Ra1 34. g5 Kg7 35. h4 h5 36. Rd4 Ra2 37. f3 Ra1 38. Bd5
Rg1+ 39. Kf4 Rg2 40. Bc6 Rxb2 41. Bxa4 1/2-1/2

[Event "Lorca V Narciso Yepes Memorial"]
[Site "Lorca V Narciso Yepes Memoria"]
[Date "2004.??.??"]
[Round "8"]
[White "Dimitrov, Vladimir"]
[Black "Lopez Pereyra, Antonio"]
[Result "1-0"]
[WhiteElo "2456"]
[BlackElo "2159"]

1. e4 c5 2. Nf3 e6 3. d4 cxd4 4. Nxd4 Bc5 5. Nb3 Bb6 6. Bd3 Ne7 7. O-O O-O
8. Nc3 f5 9. Bg5 fxe4 10. Nxe4 d5 11. Ng3 Nbc6 12. Qh5 h6 13. Rae1 Qe8 14.
Qxe8 Rxe8 15. Bf4 Bd7 16. a3 a5 17. Be3 d4 18. Bc1 a4 19. Nd2 Nd5 20. Nge4
Bc7 21. Nc5 Bc8 22. Bc4 Kf7 23. Nf3 Ra5 24. b4 axb3 25. Nxb3 Ra8 26. Nbxd4
Nxd4 27. Nxd4 Ra4 28. Bxd5 exd5 29. Rxe8 Kxe8 30. Bb2 Bd7 31. Rd1 Rc4 32.
Rd3 Bb6 33. c3 Kf7 34. h4 Bxd4 35. cxd4 b5 36. Rf3+ Ke7 37. Bc3 Be6 38.
Bb4+ Ke8 39. Bc5 Rc2 40. Rf8+ Kd7 41. Rb8 Re2 42. Rb7+ Kc6 43. Rxg7 Bf5 44.
f3 Bd3 45. h5 Re6 46. Kf2 Rf6 47. Ke3 Bc2 48. g4 Bb1 49. f4 Re6+ 50. Kd2
Re4 51. f5 Rf4 52. Ra7 b4 53. axb4 Kb5 54. Ke3 Rf1 55. Ra1 Rh1 56. f6 Rh3+
57. Kf4 Be4 58. Rf1 Bd3 59. Rf3 1-0

[Event "Tringov (memorial)"]
[Site "?"]
[Date "2004.??.??"]
[Round "?"]
[White "Bonev, T"]
[Black "Tadic, Branko"]
[Result "1-0"]
[WhiteElo "2135"]
[BlackElo "2470"]

1. e4 c5 2. Nf3 e6 3. d4 cxd4 4. Nxd4 Bc5 5. Nb3 Bb6 6. Nc3 Ne7 7. Bd3 O-O
8. O-O Nbc6 9. Kh1 f5 10. f4 fxe4 11. Nxe4 d5 12. Ng5 h6 13. Nf3 Bc7 14.
Nfd4 e5 15. fxe5 Nxe5 16. Be3 N7c6 17. Bf5 Nc4 18. Bg1 Rf6 19. Qh5 N6e5 20.
Bxc8 Rxc8 21. Nc5 Qe7 22. Nf5 Qf7 23. Qh3 Rf8 24. Ng3 Nd6 25. Rxf6 Qxf6 26.
Bd4 Nd3 27. Qe6+ Qxe6 28. Nxe6 Nb4 29. Nxf8 Nxc2 30. Rd1 Kxf8 31. Bc5 b6
32. Rxd5 Ke7 33. Bxd6+ Bxd6 34. Nf5+ Ke6 35. Rxd6+ Kxf5 36. Rd7 1-0

[Event "FRA-chT2 0304"]
[Site "France"]
[Date "2004.01.18"]
[Round "6"]
[White "Carton, Camille"]
[Black "Canonne, Antoine"]
[Result "0-1"]
[WhiteElo "2220"]
[BlackElo "2073"]

1. e4 c5 2. Nf3 e6 3. d4 cxd4 4. Nxd4 Bc5 5. Nb3 Bb6 6. Bd3 Ne7 7. O-O O-O
8. c4 f5 9. Nc3 f4 10. Qh5 Nbc6 11. c5 Bc7 12. Be2 Ng6 13. Nb5 Be5 14. Rd1
Qe7 15. Rd3 Rf6 16. Rh3 h6 17. Qf3 b6 18. cxb6 axb6 19. Nc3 Nd8 20. Qh5 Nf7
21. Rd3 Ba6 22. Rd1 Bxe2 23. Qxe2 f3 24. Qb5 Nd6 25. Qxb6 fxg2 26. Ne2 Raf8
27. f4 Nxf4 28. Nxf4 Bxf4 29. Bxf4 Rxf4 30. Qxd6 Rf1+ 31. Kxg2 R8f2+ 32.
Kh3 Rf3+ 33. Qg3 Rxg3+ 34. hxg3 Rf2 35. Rd2 Qf7 36. Rxf2 Qxf2 37. Rd1 Qxb2
38. Rxd7 Qxa2 39. Nd4 Qa4 40. Rd6 Kf7 41. e5 h5 42. Kh2 g5 43. Nc6 Qc2+ 44.
Kg1 h4 45. gxh4 gxh4 46. Nd8+ Ke8 47. Nxe6 Qg6+ 48. Kh2 Qg3+ 49. Kh1 Qxe5
50. Nc7+ Kf7 51. Rd7+ Kg6 52. Nd5 Qe4+ 53. Kh2 Qe2+ 54. Kh1 Qf1+ 55. Kh2
Qf2+ 56. Kh1 h3 57. Ne7+ Kh5 58. Rd5+ Kg4 0-1

[Event "FRA-chT2 0304"]
[Site "France"]
[Date "2004.02.01"]
[Round "7"]
[White "Goerlinger, Stephane"]
[Black "Canonne, Antoine"]
[Result "1/2-1/2"]
[WhiteElo "2112"]
[BlackElo "2073"]

1. e4 c5 2. Nf3 e6 3. d4 cxd4 4. Nxd4 Bc5 5. Nb3 Bb6 6. Nc3 Ne7 7. Bf4 O-O
8. Qd2 f5 9. Bd6 Nbc6 10. O-O-O Rf7 11. e5 f4 12. Bd3 Ng6 13. Bxg6 hxg6 14.
Qd3 Rf5 15. Rdf1 Nxe5 16. Bxe5 Rxe5 17. Qxg6 d5 18. g3 Rf5 19. h4 Qf6 20.
Qe8+ Qf8 21. Qxf8+ Rxf8 22. g4 Bd7 23. Rh3 Bc6 24. Rd3 Rad8 25. Nd4 e5 26.
Ne6 e4 27. Nxd8 exd3 28. Nxc6 bxc6 29. cxd3 f3 30. Nd1 Rf4 31. Rg1 Bd8 32.
h5 Bg5 33. Kc2 Kf7 34. Ne3 Kf6 35. Nf5 Ra4 36. a3 g6 37. hxg6 Kxg6 38. d4
Bf6 39. Kd3 c5 40. dxc5 Bxb2 41. Kc2 Be5 42. Kb3 Rc4 43. Ne7+ Kg5 44. Nxd5
Rxc5 45. Ne3 Bf4 1/2-1/2